| 000 | 01244nmc a2200445 a 4500 | ||
|---|---|---|---|
| 003 | AR-BaBNM | ||
| 005 | 20251128204736.0 | ||
| 008 | 247019s1995 ||||||||||||||000 | spa|| | ||
| 020 | _a84-277-0996-X | ||
| 040 | _cAR-BaBNM | ||
| 245 | 1 | 0 |
_aMapas conceptuales _buna técnica para aprender |
| 250 | _a4ª ed. | ||
| 260 |
_aMadrid _bNarcea _c1995 |
||
| 300 |
_a207 p. _btablas, diagr. |
||
| 490 | 0 | _aEducación hoy | |
| 504 | _aContiene bibliografía de referencia en p. 205-207 | ||
| 650 | 4 | _aMETODOS DE ENSEÑANZA | |
| 650 | 4 | _aTECNICAS DIDACTICAS | |
| 650 | 4 | _aAPRENDIZAJE | |
| 650 | 4 | _aCONCEPTUALIZACION | |
| 650 | 4 | _aEVALUACION | |
| 650 | 4 | _aCOGNICION | |
| 650 | 4 | _aCIENCIAS SOCIALES | |
| 650 | 4 | _aMATEMATICA | |
| 650 | 4 | _aDIDACTICA | |
| 651 | 4 | _aEspaña | |
| 653 | _aCONTENIDOS CURRICULARES | ||
| 653 | _aEDUCACION PRIMARIA | ||
| 653 | _aEDUCACION SECUNDARIA | ||
| 653 | _aMAPAS CONCEPTUALES | ||
| 700 | 1 | _aOntoria Peña, Antonio | |
| 700 | 1 | _aBallesteros Pastor, Ana | |
| 700 | 1 | _aMartín Buenadicha, Inmaculada | |
| 700 | 1 | _aGiraldo Vargas, María Lourdes | |
| 700 | 1 | _aCuevas Moyas, Carmen | |
| 700 | 1 | _aMolina Rubio, Ana | |
| 700 | 1 | _aVélez Ramírez, Ursula | |
| 942 | _cBK | ||
| 998 | _cSILVI | ||
| 999 |
_c8645 _d8645 |
||